00371nam a2200145Ia 4500008004100000020001800041082001900059100002000078245002900098250000600127260004000133300001800173500002400191650001000215230524s9999 xx 000 0 und d a9788173719905 a624.15136bMOI aDebashis Moitra 0aGeotechnical Engineering a1 aNew DelhibUniversities Pressc2016 a"XXIII,879p;" aQuantity Number: 1 aCivil